000 00308nam a2200133Ia 4500
008 240624s9999 xx 000 0 und d
041 _aeng
082 _a006.7 CHA
100 _aCHAPMAN NIGEL
245 _aDIGITAL MULTIMEDIA
260 _c2000
_aChichester
_bJohn Wiley
300 _axiv, : 568
365 _cRS
999 _c1286
_d1286